000 00629nam a22002177a 4500
003 UA-OsUOA
001 34104
007 ta
008 20050922b un ||||| |||| 00| 0 ukr d
090 _a82.09(477)
_bП35
942 _cBK
040 _aUA-OsUOA
_bukr
_cUA-OsUOA
_dUA-OsUOA
245 _aПитання шевченкознавства
_bТ. Г. Шевченко і його сучасники
300 _a132 с.
955 _a2
041 _aukr
080 _a82.09(477)
260 _aК.
_bВища школа
_c1978
650 7 _a82 Література. Літературознавство
_2UDC
999 _c320537
_d320537